Human rights and social justice in a global perspective : an introduction to international social work /

Bibliographic Details
Main Author: Mapp, Susan C.
Corporate Author: ebrary, Inc
Format: eBook
Language:English
Published: New York : Oxford University Press, [2014]
Edition:Second Edition.
Subjects:
Online Access:Connect to the full text of this electronic book

MARC

Tag First Indicator Second Indicator Subfields
LEADER 00000cam a22000001i 4500
001 in00003441292
006 m |o d |
007 cr |n|||||||||
008 140407t20142008nyu ob 001 0 eng d
005 20250816212828.8
020 |a 9780199392261 (electronic bk.) 
020 |a 0199392269 (electronic bk.) 
020 |z 9780199989492 (pbk. : alk. paper) 
020 |z 0199989494 (pbk. : alk. paper) 
024 8 |a 99966053069 
035 |a (NhCcYBP)ebr10852015 
040 |a NhCcYBP  |c NhCcYBP  |d UtOrBLW 
050 4 |a HV41  |b .M2796 2014 
082 0 4 |a 361.3  |2 23 
100 1 |a Mapp, Susan C.  |0 http://id.loc.gov/authorities/names/n2007027702 
245 1 0 |a Human rights and social justice in a global perspective :  |b an introduction to international social work /  |c Susan C. Mapp. 
250 |a Second Edition. 
264 1 |a New York :  |b Oxford University Press,  |c [2014] 
264 4 |c ©2008 
300 |a 1 online resource. 
336 |a text  |b txt  |2 rdacontent 
337 |a computer  |b c  |2 rdamedia 
338 |a online resource  |b cr  |2 rdacarrier 
504 |a Includes bibliographical references (pages 281-339) and index. 
505 0 |a International social development -- Human rights -- Human trafficking -- International child welfare -- War and conflict -- Aids -- Issues particularly affecting women -- Social work and the physical environment -- Millennium development goals and beyond -- A call to action -- Appendix A: Universal declaration of human rights -- Appendix B: Opportunities in international social work. 
588 |a Description based on print version record. 
500 |a Electronic resource. 
650 0 |a Social service  |x International cooperation.  |0 http://id.loc.gov/authorities/subjects/sh2010113781 
650 0 |a Human rights.  |0 http://id.loc.gov/authorities/subjects/sh85026379 
655 7 |a Electronic books.  |2 local 
710 2 |a ebrary, Inc.  |0 http://id.loc.gov/authorities/names/no2007088509 
776 1 8 |c Original  |z 9780199989492  |z 0199989494  |w (DLC) 2013043627 
856 4 1 |u https://ebookcentral.proquest.com/lib/tamucs/detail.action?docID=1647180  |y Connect to the full text of this electronic book  |t 0 
955 |a YBP purchased DDA e-records 
980 |b 224.91  |g 1 
987 |a ybp11721402 
999 f f |s efdb7df2-3d21-3802-9467-02affb186c30  |i f6d589e0-4e2a-3360-b1ca-7a8abeba7fff  |t 0 
952 f f |a Texas A&M University  |b College Station  |c Electronic Resources  |d Available Online  |t 0  |e HV41 .M2796 2014  |h Library of Congress classification 
998 f f |a HV41 .M2796 2014  |t 0  |l Available Online